Caricamento...
Sri Lanka in the Modern age: A history of contested identities /
| Autore principale: | |
|---|---|
| Natura: | Printed Book |
| Pubblicazione: |
London:
Foundation,
2006.
|
| Soggetti: |
| LEADER | 00520cam a2200157ua 4500 | ||
|---|---|---|---|
| 020 | |a 1-85065-759-9 | ||
| 082 | |a 954.930 2 |b WIC/S | ||
| 100 | 0 | |a Wickramasinghe, Nira | |
| 245 | 1 | 0 | |a Sri Lanka in the Modern age: A history of contested identities / |
| 260 | |a London: |b Foundation, |c 2006. | ||
| 300 | |a 360p.. | ||
| 500 | |a Includes index. | ||
| 650 | 0 | |a Sri Lanka | |
| 942 | |c BK | ||
| 999 | |c 15019 |d 15019 | ||
| 952 | |0 0 |1 0 |4 0 |6 954_930000000000000_2_WIC |7 0 |9 15665 |a KUCL |b KUCL |d 2014-05-23 |l 0 |o 954.930 2 WIC/ |p 17343 |r 2014-05-23 |w 2014-05-23 |y BK | ||